00652 a2200157 45000010006000000050017000060080041000230030015000640400040000790800093001192450115002122640036003273000019003630410008003821000104003906285220260407155922.0260407a1982 arg spa dAR-UNSa-BCEJYS aAR-UNSa-BCEJYSbspacAR-UNSa-BCEJYS a339.92xCooperación económica internacional. Integración económica internacional10aEl tratamiento preferencial a Bolivia y Ecuador en la ALALCpAnálisis crítico y evaluación de resultados 1aBuenos Aires :bBID-INTALc1982 a118 p.c28 cm. aspa1 aBanco Interamericano de Desarrollo. Instituto para la Integración de América Latina (BID-INTAL)